|
|
|
|
| LEADER |
00000nas a2200000 a 4500 |
| 003 |
Ucuenca |
| 005 |
20230308204452.0 |
| 008 |
000000|1963 ec |||||r|||||||||||spa|| |
| 040 |
|
|
|b spa
|
| 041 |
1 |
|
|a spa
|
| 082 |
0 |
|
|a 301.05
|b U48s
|
| 100 |
1 |
|
|a Carluci, María Angélica
|9 175472
|
| 245 |
|
|
|a Separata de Humanitas. Boletin Ecuatoriano de Antropología: Puntas de proyectil, tipos, técnica y áreas de distribución en el Ecuador
|c María Angélica Carluci
|h imp
|
| 264 |
|
|
|a Quito
|b Universitaria
|c Julio de 1963
|
| 300 |
|
|
|a 56 páginas:
|b ilu
|c 23 cm
|
| 362 |
|
|
|a Vol. IV; no. 1 (julio de 1963)
|
| 504 |
|
|
|a incl. ref.
|
| 650 |
|
|
|a Puntas de proyectil
|9 184184
|
| 650 |
|
|
|a Materiales liticos
|9 184185
|
| 650 |
|
|
|a Paleoindio
|9 5409
|
| 650 |
|
|
|a Lanzas
|9 184186
|
| 650 |
|
|
|a Flechas
|9 184187
|
| 852 |
|
|
|a UC-CDJBV
|c est_cerrada
|f Donación
|l 1
|m General
|p 00000000
|r 2
|b 0
|d CDRC
|e CDRC
|g 301.05 U48s ESTANTERIA CERRADA
|z 0000-00-00
|
| 942 |
|
|
|c SER
|
| 999 |
|
|
|c 108597
|d 108597
|